000 00485nam a2200181 a 4500
001 24686
003 CO-ViMGA
008 141112s2004 ck r 000 u spa d
020 _a978958022738
040 _aCO-ViMGA
_bspa
_cCO-ViMGA
082 _a372.87 P67
245 1 0 _aSinfonia :
_bEducación musical
260 _aColombia :
_bVoluntad,
_c2010
300 _a128 p. ; v. 6 - 11
490 _aEducación media profesional
650 1 4 _aMúsica - Enseñanza
_94450
942 _2ddc
_cBK
999 _c10297
_d10297